PROCESO DEMOCRATICO DE LA REVOLUCION MEXICANA : (Registro nro. 2648)
[ vista simple ]
| 000 -LEADER | |
|---|---|
| fixed length control field | 00551nam a2200181 a 4500 |
| 001 - CONTROL NUMBER | |
| control field | 2648 |
| 005 - DATE AND TIME OF LATEST TRANSACTION | |
| control field | 20180713182623.0 |
| 008 - FIXED-LENGTH DATA ELEMENTS--GENERAL INFORMATION | |
| fixed length control field | 140415s1971 mx 000 0 spa d |
| 041 ## - LANGUAGE CODE | |
| Language code of text/sound track or separate title | spa |
| 082 ## - DEWEY DECIMAL CLASSIFICATION NUMBER | |
| Classification number | 972.06 |
| Item number | ARE |
| 100 1# - MAIN ENTRY--PERSONAL NAME | |
| Personal name | ARENAS GUZMAN, DIEGO |
| 245 10 - TITLE STATEMENT | |
| Title | PROCESO DEMOCRATICO DE LA REVOLUCION MEXICANA : |
| Remainder of title | (ANTECEDENTES) |
| 250 ## - EDITION STATEMENT | |
| Edition statement | 1a ed. |
| 260 ## - PUBLICATION, DISTRIBUTION, ETC. | |
| Place of publication, distribution, etc. | MEXICO : |
| Name of publisher, distributor, etc. | TALLERES GRAFICOS DE LA NACION, |
| Date of publication, distribution, etc. | 1971 |
| 300 ## - PHYSICAL DESCRIPTION | |
| Extent | 201 |
| 490 ## - SERIES STATEMENT | |
| Series statement | BIBL. DEL INSTITUTO NACIONAL DE ESTUDIOS HISTO... |
| 650 14 - SUBJECT ADDED ENTRY--TOPICAL TERM | |
| Topical term or geographic name entry element | MEXICO |
| General subdivision | HISTORIA |
| -- | 1910 |
| Withdrawn status | Lost status | Source of classification or shelving scheme | Damaged status | Not for loan | Collection code | Home library | Current library | Shelving location | Date acquired | Source of acquisition | Inventory number | Total Checkouts | Full call number | Barcode | Date last seen | Price effective from | Koha item type |
|---|---|---|---|---|---|---|---|---|---|---|---|---|---|---|---|---|---|
| Dewey Decimal Classification | General | Biblioteca Karol Wojtyla | Biblioteca Karol Wojtyla | Sala general | 03/12/2013 | Compra | 151000000000000000037778 | 972.06 ARE | 13499 | 05/01/2026 | 03/12/2013 | Libro |